Exploring the functions of the human body. (Record no. 276560)
[ view plain ]
| 000 -LEADER | |
|---|---|
| fixed length control field | 00331nam a2200121 a 4500 |
| 005 - DATE AND TIME OF LATEST TRANSACTION | |
| control field | 20141022142007.0 |
| 008 - FIXED-LENGTH DATA ELEMENTS--GENERAL INFORMATION | |
| fixed length control field | 100913s19uu xx 00 eng d |
| 050 ## - LIBRARY OF CONGRESS CALL NUMBER | |
| Classification number | CD-ROM |
| Item number | E7 2001 |
| 245 ## - TITLE STATEMENT | |
| Title | Exploring the functions of the human body. |
| 650 ## - SUBJECT ADDED ENTRY--TOPICAL TERM | |
| Topical term or geographic name as entry element | CD-ROM |
| 650 ## - SUBJECT ADDED ENTRY--TOPICAL TERM | |
| Topical term or geographic name as entry element | Exploring the functions of the human body |
| 942 ## - ADDED ENTRY ELEMENTS (KOHA) | |
| Koha item type | Audio Visual Materials |
| Withdrawn status | Lost status | Damaged status | Home library | Current library | Shelving location | Date acquired | Source of acquisition | Total Checkouts | Full call number | Barcode | Date last seen | Price effective from | Koha item type |
|---|---|---|---|---|---|---|---|---|---|---|---|---|---|
| Withdrawn | College Library | College Library | Audio Visual Material Section | 09/13/2010 | CD-ROM E7 2001 | AVM00162 | 04/12/2014 | 04/12/2014 | Audio Visual Materials |